[Event "3rd ESNAI-ch 2018"]
[Site "Klaksvik"]
[Date "2018.04.14"]
[Round "1"]
[White "Aloma Vidal, Robert"]
[Black "Frick, Renato"]
[Result "1-0"]
[WhiteElo "2440"]
[BlackElo "2062"]
[Annotator "TA"]
[PlyCount "59"]
[EventDate "2018.??.??"]
[EventType "tourn"]
[EventCountry "FAI"]
[SourceTitle "playchess.com"]
[Source "ChessBase"]
[SourceQuality "1"]

{[%evp 12,59,16,18,21,3,21,21,50,28,65,65,61,63,87,81,116,82,162,154,177,182,190,180,209,193,293,279,295,268,349,341,327,158,281,150,151,150,247,112,215,165,193,185,768,747,1417,1379,1794,1266]} 1. d4 Nf6 2. c4 e6 3. Nf3 b6 4. Nc3 Bb7 5. Bg5 Be7 6. e3 d6 7. Be2 {LiveBook: 3 Games. E12: Queen's Indian: Unusual White 4th moves, 4 a3, 4 Nc3 Bb7 5 a3 and 4 Nc3 Bb7} (7. Bd3 Nbd7 8. O-O O-O 9. Rc1 h6 10. Bh4 Nh5 11. Bxe7 Qxe7 12. Be4 Bxe4 13. Nxe4 Nhf6 14. Nc3 c5 15. Qa4 Rfd8 16. Rfd1 {½-½ (57) Biolek,R (2449)-Szotkowski,J (2366) Czech Republic 2018}) 7... Nbd7 8. O-O O-O 9. Qc2 {The position is equal.} Rc8 10. Rad1 $146 ({Predecessor:} 10. Nd2 c5 11. dxc5 {½-½ (11) Rotunno,G (1922)-Frontera,G (1877) Cutro 2007}) 10... c5 11. d5 $1 exd5 12. cxd5 Re8 13. e4 Ng4 14. Bf4 f6 (14... a6 $16 {keeps fighting.}) 15. Nb5 $18 Nge5 16. Nxa7 Ra8 17. Nb5 Rxa2 18. Na3 f5 (18... Qa8 {was called for.}) 19. Bxe5 fxe4 20. Qxe4 Nxe5 21. Nxe5 {[#] Bd3 is the strong threat.} Bf6 22. Qb1 (22. f4 $18 {has better winning chances.}) 22... Rxe5 (22... Rxa3 $16 23. bxa3 Bxe5) 23. Bb5 ({Weaker is} 23. Qxa2 Rxe2 24. Nc4 Bd4 $14) ({White should play} 23. Bd3 $18 Rxa3 24. Bxh7+ (24. bxa3 g6 $16) 24... Kh8 25. bxa3) 23... Rxa3 $16 24. bxa3 Rh5 (24... g6 $16 25. a4 Kg7) 25. Qe4 (25. Rfe1 $18 Be5 26. g3) 25... Be5 (25... Bd4 $16 {might work better.}) 26. h3 Bc8 27. f4 Qh4 $2 {[#]} (27... Bd4+ 28. Rxd4 cxd4 29. Qxd4 Rf5) 28. Qe3 {White is clearly winning.} Bg4 29. fxe5 Rxe5 30. Qf4 {Precision: White = 59%, Black = 11%.} 1-0

[Event "3rd ESNAI-ch 2018"]
[Site "Klaksvik"]
[Date "2018.04.14"]
[Round "1"]
[White "Efimov, Igor"]
[Black "Kirby, Peter J"]
[Result "1-0"]
[WhiteElo "2407"]
[BlackElo "1985"]
[Annotator "NA"]
[PlyCount "57"]
[EventDate "2018.??.??"]
[EventType "tourn"]
[EventCountry "FAI"]
[SourceTitle "playchess.com"]
[Source "ChessBase"]
[SourceQuality "1"]
[TimeControl "40/5400+30:1800+30"]

{[%evp 19,50,39,43,32767,48,33,32767,32767,32767,32767,55,55,32767,32767,187,154,163,143,150,143,192,187,32767,32767,207,189,193,185,192,197,192,32767,248]} 1. d4 {[%emt 0:00:00]} Nf6 {[%emt 0:00:05]} 2. Nf3 {[%emt 0:00:02]} g6 {[%emt 0:00:07]} 3. c4 {[%emt 0:01:36]} Bg7 {[%emt 0:00:07]} 4. Nc3 {[%emt 0:00:09]} O-O {[%emt 0:00:13]} 5. Bg5 {[%emt 0:00:16]} h6 {[%emt 0:02:50]} 6. Bh4 {[%emt 0:02:20]} d6 {[%emt 0:03:02]} 7. e3 {[%emt 0:03:45]} b6 {[%emt 0:00:56] E61: King's Indian: Early deviations for White, including Smyslov System} (7... c6 8. Be2 a6 9. Qc2 b5 10. a3 Nbd7 11. O-O Bb7 12. Rfd1 bxc4 13. Bxc4 g5 14. Bg3 Nh5 15. Ba2 Rb8 16. Ne4 Ndf6 17. Nxf6+ exf6 {1-0 (47) Kempinski,R (2586)-Dziuba,M (2556) Poland 2017}) 8. Be2 {[%emt 0:01:22]} Bb7 {[%emt 0:00:22]} 9. Qc2 {[%emt 0:00:09]} Nbd7 {[%emt 0:03:29]} 10. O-O {[%emt 0:00:55]} a5 {[%emt 0:06:04]} 11. Rfd1 {[%emt 0:00:29]} Qc8 $146 {[%emt 0:03:18]} ({Predecessor:} 11... Re8 12. Rac1 e5 13. d5 Nc5 14. e4 Bc8 15. Nd2 Rf8 16. f3 {0-1 (50) Daut,M (1436)-Dinger,F (1622) Ludwigsburg 2002}) 12. d5 {[%emt 0:08:08]} c6 {[%emt 0:03:29]} 13. Rac1 {[%emt 0:06:47]} Re8 {[%emt 0:13:03]} 14. h3 {[%emt 0:04:08] Nc} Nc5 {[%emt 0:05:04]} 15. b3 {[%emt 0:03:49]} Qf5 {[%emt 0:09:38]} 16. Qxf5 {[%emt 0:03:06]} gxf5 {[%emt 0:00:45]} 17. Nd4 {[%emt 0:00:52]} cxd5 {[%emt 0:00:57]} 18. Nxf5 {[%emt 0:00:11]} dxc4 {[%emt 0:04:50]} 19. Bxc4 {[%emt 0:00:59]} Bc8 {[%emt 0:08:40]} (19... Kf8 $16 20. f3 Rec8) 20. Nxg7 {[%emt 0:02:03]} Kxg7 {[%emt 0:00:03]} 21. Bxf6+ {[%emt 0:00:09]} exf6 {[%emt 0:01:38]} 22. Rxd6 {[%emt 0:00:07]} Rb8 {[%emt 0:00:43]} 23. Bb5 {[%emt 0:04:12]} Re6 {[%emt 0:02:29]} 24. Rd8 {[%emt 0:00:52]} Nb7 {[%emt 0:00:58]} 25. Rd4 {[%emt 0:02:08]} Nd6 $18 {[%emt 0:04:45]} (25... Rd6 $142 26. Ne2 Rxd4 27. Nxd4 Nd6) 26. Be2 {[%emt 0:03:02]} f5 {[%emt 0:02:42]} 27. Nd5 {[%emt 0:01:58]} Ne4 {[%emt 0:04:54]} 28. Nc7 {[%emt 0:07:55]} Rd6 {[%emt 0:01:09]} 29. Ne8+ {[%emt 0:00:10]} 1-0

[Event "3rd ESNAI-ch 2018"]
[Site "Klaksvik"]
[Date "2018.04.14"]
[Round "1"]
[White "Berg, Olaf"]
[Black "Ziska, Helgi Dam"]
[Result "0-1"]
[WhiteElo "2235"]
[BlackElo "2549"]
[Annotator "TA"]
[PlyCount "120"]
[EventDate "2018.??.??"]
[EventType "tourn"]
[EventCountry "FAI"]
[SourceTitle "playchess.com"]
[Source "ChessBase"]
[SourceQuality "1"]

{[%evp 15,120,-13,39,-27,-23,-28,-12,-18,-27,-34,-22,-27,-14,-11,-3,-27,-12,-16,-16,-14,0,-19,-20,-18,20,-10,-4,-16,-19,-22,-11,-13,-13,-48,-42,-75,-99,-82,-80,-83,-68,-135,-126,-137,-153,-134,-131,-212,-195,-221,-195,-191,-182,-284,-284,-262,-194,-282,-152,-147,-139,-347,-368,-519,-512,-487,-476,-476,-378,-539,-491,-508,-444,-559,-442,-460,-459,-649,-649,-641,-637,-556,-345,-337,-304,-469,-469,-636,-651,-12826,-8043,-7512,-6427,-6207,-2923,-12844,-12845,-12845,-12845,-12848,-12848,-12849,-12849,-12850,-12848,-29995,-688]} 1. e4 c5 2. g3 Nc6 3. Bg2 g6 4. Nc3 Bg7 5. d3 d6 6. Nge2 e6 7. Be3 Nd4 8. Qd2 Qa5 {LiveBook: 41 Games} (8... Ne7 $11) 9. Nf4 {B26: Closed Sicilian: 3 g3, lines with early Be3} (9. Rb1 $14) (9. O-O Ne7 10. Nxd4 cxd4 11. Ne2 Qxd2 12. Bxd2 Nc6 13. c3 dxc3 14. Bxc3 Bxc3 15. Nxc3 Nd4 16. Rac1 Bd7 17. f4 Bc6 {1-0 (65) Drazic,S (2426)-Malakhatko,V (2518) Cesme 2017}) 9... Ne7 $11 10. O-O Nec6 11. a3 {The position is equal.} O-O 12. Kh1 $146 ({Predecessor:} 12. Rab1) 12... Qd8 13. Rab1 a5 14. a4 Qd7 15. Nce2 Ne7 16. b3 b5 17. axb5 Nxb5 18. c3 Bb7 {[%cal Bc8b7,Bb7c6,Bc6e4][%mdl 32]} 19. Ra1 Nc7 20. Ra2 a4 21. Rb1 e5 22. Nh3 axb3 23. Rxb3 Bc6 24. Ng5 h6 25. Nf3 Rxa2 26. Qxa2 {[#]} c4 $1 {[%cal Rc4b3][%mdl 512]} 27. dxc4 Bxe4 28. Rb6 ({White should try} 28. Nd2 $15 Bxg2+ 29. Kxg2) 28... Ra8 $36 {[%mdl 2048] Black is in control.} 29. Qd2 Nc8 30. Rb4 Qc6 31. Ne1 (31. Neg1 $17) 31... Bxg2+ $19 32. Nxg2 Ra1+ 33. Nc1 Na6 {[%cal Bc7a6,Ba6b4,Bb4c2][%mdl 32]} 34. Qb2 (34. Rb2 {was worth a try.}) 34... Nxb4 35. Qxa1 Qxc4 {[%cal Rc4f1]} 36. h3 (36. Kg1 {was necessary.} Nd5 37. Bd2) 36... e4 (36... Nd5 $19 37. Na2 Nce7) 37. Qa4 $17 Bxc3 38. Qe8+ $2 (38. Bxh6 $17 {is a better defense.} Kh7 39. Ne3) 38... Kg7 $19 39. Nf4 (39. Ne2 $142 Qxe2 40. Qxc8) 39... Nc2 40. Nce2 Nxe3 41. fxe3 Bf6 42. g4 (42. Qd7 $142) 42... Ne7 43. Qd7 Qb3 44. Qa7 Kh7 45. Kg2 Qc2 46. Qa6 (46. Kf2 $142) 46... Be5 47. Kf2 Bxf4 48. exf4 Nc6 {Hoping for ...d5.} 49. Qa1 d5 {[%cal Bd6d5,Bd5d4][%mdl 32] Strongly threatening ...d4.} 50. Qf6 (50. Qc3 $142 Qa4 51. Qf6 Qa7+ 52. Kf1) 50... Kg8 {Threatens to win with ...d4.} 51. f5 gxf5 {...d4 is the strong threat.} 52. gxf5 d4 53. Qxh6 {[#]} e3+ $1 54. Kf3 Qxf5+ 55. Nf4 Ne5+ 56. Kg3 {[#]} e2 $1 57. Nxe2 Qf3+ 58. Kh4 Ng6+ 59. Kg5 Qe3+ 60. Kh5 Qxe2+ {Precision: White = 33%, Black = 70%.} 0-1

[Event "3rd ESNAI-ch 2018"]
[Site "Klaksvik"]
[Date "2018.04.14"]
[Round "1"]
[White "Klerides, Paris"]
[Black "Theocharous, Stelios"]
[Result "1-0"]
[WhiteElo "2183"]
[BlackElo "2099"]
[Annotator "NA"]
[PlyCount "83"]
[EventDate "2018.??.??"]
[EventType "tourn"]
[EventCountry "FAI"]
[SourceTitle "playchess.com"]
[Source "ChessBase"]
[SourceQuality "1"]
[TimeControl "40/5400+30:1800+30"]

1. e4 {[%emt 0:00:00]} c5 {[%emt 0:00:12]} 2. Nf3 {[%emt 0:00:00]} Nc6 {[%emt 0:00:05]} 3. d4 {[%emt 0:00:00]} cxd4 {[%emt 0:00:06]} 4. Nxd4 {[%emt 0:00:00]} Nf6 {[%emt 0:00:04]} 5. Nc3 {[%emt 0:00:00]} e5 {[%emt 0:00:06]} 6. Ndb5 {[%emt 0:00:10]} d6 {[%emt 0:00:06]} 7. Bg5 {[%emt 0:00:11]} a6 {[%emt 0:00:05]} 8. Na3 {[%emt 0:00:07]} b5 {[%emt 0:00:06]} 9. Nd5 {[%emt 0:00:43]} Be7 {[%emt 0:00:11]} 10. Bxf6 {[%emt 0:00:10]} Bxf6 {[%emt 0:00:05]} 11. c3 {[%emt 0:00:17]} O-O {[%emt 0:00:13]} 12. Nc2 {[%emt 0:00:32]} Bg5 {[%emt 0:00:07]} 13. h4 {[%emt 0:00:36]} Bh6 {[%emt 0:00:58]} 14. g4 {[%emt 0:00:45]} Bf4 {[%emt 0:18:18]} 15. Qf3 {[%emt 0:00:36]} h5 {[%emt 0:02:51] B33: Sicilian: Pelikan and Sveshnikov Variations} (15... Be6 16. Nxf4 exf4 17. Qxf4 Ne5 18. g5 Re8 19. O-O-O Bxa2 20. h5 b4 21. Nxb4 Bb3 22. Nc2 Qa5 23. g6 hxg6 {½-½ (49) Haugen,A (2536)-Dronov,A (2595) ICCF email 2006}) 16. gxh5 {[%emt 0:09:46]} f5 $146 {[%emt 0:05:08]} ({Predecessor:} 16... Bh6 17. Nce3 Ne7 18. Bh3 Nxd5 19. Nxd5 Be6 20. Ne3 Rc8 21. Rg1 Qxh4 22. Nf5 Bxf5 23. Bxf5 {0-1 (33) Kosztolanczi,G (2185)-Kaman,A (2185) Hungary 1995}) 17. Nxf4 {[%emt 0:30:00]} exf4 {[%emt 0:02:39]} 18. O-O-O {[%emt 0:08:15]} Ne5 {[%emt 0:16:38]} 19. Qxf4 $16 {[%emt 0:03:51]} Bb7 {[%emt 0:01:46]} 20. h6 {[%emt 0:17:00]} fxe4 {[%emt 0:12:31]} 21. Qg3 {[%emt 0:00:17]} Rf7 {[%emt 0:00:53]} 22. Ne3 {[%emt 0:16:13]} Qf6 {[%emt 0:02:50]} 23. hxg7 {[%emt 0:03:58]} Rxg7 {[%emt 0:00:10]} 24. Qh2 {[%emt 0:00:05]} Rd8 {[%emt 0:12:24]} 25. Rg1 {[%emt 0:02:43]} Kh8 {[%emt 0:04:48]} 26. Rxg7 {[%emt 0:01:25]} Qxg7 {[%emt 0:00:03]} 27. Be2 {[%emt 0:00:52]} Qf6 {[%emt 0:08:32]} 28. Rg1 {[%emt 0:02:17]} b4 {[%emt 0:05:14]} 29. Rg5 {[%emt 0:01:01]} bxc3 {[%emt 0:02:55]} 30. Rh5+ {[%emt 0:01:46]} Kg7 {[%emt 0:00:55]} 31. Qg3+ {[%emt 0:00:02]} Ng6 {[%emt 0:01:01]} 32. Nf5+ {[%emt 0:00:47]} Kf8 {[%emt 0:00:37]} 33. Ne3 {[%emt 0:00:41]} cxb2+ {[%emt 0:00:28]} 34. Kb1 {[%emt 0:00:01]} Rc8 {[%emt 0:02:03]} 35. Bc4 {[%emt 0:00:36]} Qc3 {[%emt 0:01:55]} 36. Qxd6+ {[%emt 0:00:29]} Ne7 {[%emt 0:00:54]} 37. Rf5+ {[%emt 0:00:45]} Ke8 {[%emt 0:00:20]} 38. Bf7+ {[%emt 0:00:31]} Kf8 {[%emt 0:00:14]} 39. Bh5+ {[%emt 0:00:10]} Kg8 {[%emt 0:00:35]} 40. Qe6+ {[%emt 0:00:00]} Kh8 {[%emt 0:00:48]} 41. Qh6+ {[%emt 0:02:20]} Kg8 {[%emt 0:00:10]} 42. Bf7# {[%emt 0:00:17]} 1-0

[Event "3rd ESNAI-ch 2018"]
[Site "Klaksvik"]
[Date "2018.04.14"]
[Round "1"]
[White "Belzo, Krzysztof"]
[Black "Berend, Fred"]
[Result "1/2-1/2"]
[WhiteElo "2103"]
[BlackElo "2357"]
[Annotator "TA"]
[PlyCount "128"]
[EventDate "2018.??.??"]
[EventType "tourn"]
[EventCountry "FAI"]
[SourceTitle "playchess.com"]
[Source "ChessBase"]
[SourceQuality "1"]

{[%evp 14,128,-41,-38,-2,-2,0,-3,-6,-9,0,-29,-22,-39,-20,-62,-56,-52,-55,-52,0,-31,-23,-73,-29,-75,-68,-53,-58,-68,-41,-62,-54,-68,-69,-69,-70,-87,-63,-63,-63,-63,-63,-71,-63,-79,-64,-71,-60,-59,-46,-89,-30,-37,-45,-53,0,-41,-38,-42,-12,-42,-29,-35,-23,-33,-16,-14,-10,-20,-12,-11,-4,-8,-8,-20,-16,-24,-20,-27,0,0,0,0,13,11,9,0,0,0,0,0,0,0,0,0,0,0,0,0,0,0,0,0,0,0,0,0,0,0,0,0,0,0,0,0,0]} 1. d4 Nf6 2. Nf3 e6 3. g3 d5 4. Bg2 b5 5. O-O Nbd7 6. Ne5 {A46: 1 d4 Nf6 2 Nf3 e6: Torre, London and Colle Systems} (6. Qd3 Rb8 7. Ne5 Nxe5 8. dxe5 Nd7 9. e4 Nxe5 10. Qd4 Bd6 11. exd5 O-O 12. Nc3 exd5 13. Nxd5 {½-½ (52) Mamedyarov,S (2799)-Oparin,G (2602) Moscow 2017}) 6... Bb7 7. c4 bxc4 8. Nxc4 {LiveBook: 6 Games. Black is slightly better.} Rb8 $146 ({Predecessor:} 8... c6 9. Ncd2 c5 10. Nb3 cxd4 11. Qxd4 Bd6 12. N1d2 O-O 13. e4 Qb6 14. exd5 Bxd5 15. Bxd5 Nxd5 {½-½ (65) Starostits,I (2418)-Sakalauskas,V (2357) Lithuania 2017}) 9. Na5 Ba8 10. Nb3 Bd6 11. Nc3 O-O 12. Re1 c5 13. e4 dxe4 14. Nxe4 Bxe4 15. Bxe4 c4 16. Nd2 Qc7 (16... Bb4 $15) 17. Qc2 Rfc8 18. Nb1 Qb6 19. Rd1 Nxe4 20. Qxe4 Nf6 21. Qe2 Bb4 22. Bd2 Nd5 23. Nc3 Bxc3 24. Bxc3 h6 25. Rdc1 Rc6 26. Rc2 Qa6 27. Bd2 Qa4 28. Bc3 Rbc8 29. h3 Qa6 30. Kh2 Qb7 31. Bd2 Qb6 32. Bc3 Qd8 (32... a5 $17) 33. Rac1 $11 Qf6 34. Kg2 Qd8 (34... Qg6 {with more complications.} 35. Qf3 Ra6 36. a3 Rb8 37. h4 Rb3) 35. Kh2 Qd6 36. Bd2 {[%cal Rc2c4]} Nb6 37. Bc3 Qd5 38. Qd2 Nd7 39. Bb4 Nf6 40. Qe3 Qh5 {[#] aiming for ...Ng4+.} (40... Ne4 {seems wilder.} 41. Re1 Rb6 42. Ba3 Nf6 43. Bc5 Ra6) 41. Qe2 Qxe2 42. Rxe2 Ra6 43. a3 Nd5 44. Bc5 Ra4 45. Kg2 Rb8 46. Rec2 Rb3 47. Rxc4 {The position is equal.} Rxc4 48. Rxc4 Rxb2 {[%mdl 4096] Endgame KRB-KRN} 49. Ra4 Nc3 50. Rxa7 Ne4 51. a4 Rxf2+ 52. Kg1 Rc2 53. a5 Rc1+ 54. Kg2 Rc2+ 55. Kg1 Nxc5 {KRN-KR} 56. Rc7 Ra2 57. Rxc5 {KR-KR} Kf8 58. d5 Ke7 59. Rc7+ Kf6 60. dxe6 Kxe6 61. Ra7 h5 {[%cal Bh6h5,Bh5h4][%mdl 32]} 62. a6 g5 63. Ra8 Kf5 64. a7 h4 {Precision: White = 54%, Black = 55%.} 1/2-1/2

[Event "3rd ESNAI-ch 2018"]
[Site "Klaksvik"]
[Date "2018.04.15"]
[Round "2"]
[White "Ziska, Helgi Dam"]
[Black "Kirby, Peter J"]
[Result "1-0"]
[WhiteElo "2549"]
[BlackElo "1985"]
[Annotator "TA"]
[PlyCount "93"]
[EventDate "2018.??.??"]
[EventType "tourn"]
[EventCountry "FAI"]
[SourceTitle "playchess.com"]
[Source "ChessBase"]
[SourceQuality "1"]

{[%evp 20,93,33,9,21,21,19,0,66,63,163,13,8,8,8,8,15,2,9,7,11,0,17,6,6,3,16,0,22,22,21,19,24,8,8,9,13,13,17,10,19,24,35,43,43,20,25,21,20,24,108,102,193,158,158,156,156,155,257,248,251,250,274,256,268,270,292,285,303,288,596,598,596,583,647,631]} 1. e4 c6 2. d4 d5 3. Nc3 dxe4 4. Nxe4 Bf5 5. Ng3 Bg6 6. Nh3 e6 7. Nf4 Bd6 8. Ngh5 {B18: Classical Caro-Kann: 4...Bf5 sidelines} (8. c3 Nf6 9. h4 Bxf4 10. Bxf4 h6 11. a4 O-O 12. a5 Nd5 13. Bd2 Nd7 14. c4 N5f6 15. h5 Bh7 16. Bc3 c5 {1-0 (68) Ivanchuk,V (2726)-Artemiev,V (2691) Huaian 2017}) 8... Bf8 9. c3 Nd7 10. Bc4 Ngf6 11. Ng3 {LiveBook: 8 Games} Nd5 12. Bxd5 exd5 13. h4 Qf6 $146 (13... h6 $11) ({Predecessor:} 13... h6 14. Nxg6 fxg6 15. Qg4 Qf6 16. Bf4 {1-0 (37) Kowalski,I (2087)-Sucikova,S (1985) Gyor 2014}) 14. Qe2+ $14 Be7 (14... Qe7 $14) 15. Bd2 (15. Ngh5 $18 Bxh5 16. Nxh5) 15... O-O-O 16. O-O-O Bd6 17. Qg4 Bxf4 18. Bxf4 h5 19. Qg5 Rde8 20. Kd2 Re6 21. Qxf6 Nxf6 22. f3 Nd7 23. Rde1 Rhe8 (23... Nf8 {looks sharper.} 24. Rxe6 Nxe6 25. Be3 Nc7 26. Re1 Kd7) 24. Rxe6 Rxe6 25. Ne2 f6 26. Bh2 {[#] aiming for Nf4.} Bf7 27. Rg1 g5 28. Rh1 Nf8 29. f4 gxf4 30. Bxf4 Re4 31. Rf1 Nd7 32. Ng3 Re6 $1 33. Nf5 {[#] And now Nd6+ would win.} Bg6 34. Nd6+ Kd8 (34... Kc7 $11 {keeps the balance.}) 35. Nxb7+ $16 Ke7 (35... Kc8 $16 {was worth a try.}) 36. b3 Be4 37. Re1 f5 38. Bg5+ Nf6 (38... Ke8 $16 39. g3 Rg6) 39. Nc5 Rd6 40. Nd3 Kf7 41. Bxf6 Kxf6 $18 {[%mdl 4096] Endgame KRB-KRN} 42. Nf4 Kf7 43. Re3 Rd8 44. Rg3 Rg8 $2 (44... a5 {is more resistant.} 45. Rg6 Rc8) 45. Rxg8 {White is clearly winning.} Kxg8 46. g3 Bf3 47. Ng6 {Precision: White = 64%, Black = 31%.} 1-0

[Event "3rd ESNAI-ch 2018"]
[Site "Klaksvik"]
[Date "2018.04.15"]
[Round "2"]
[White "Berend, Fred"]
[Black "Aloma Vidal, Robert"]
[Result "1-0"]
[WhiteElo "2357"]
[BlackElo "2440"]
[Annotator "TA"]
[PlyCount "165"]
[EventDate "2018.??.??"]
[EventType "tourn"]
[EventCountry "FAI"]
[SourceTitle "playchess.com"]
[Source "ChessBase"]
[SourceQuality "1"]

{[%evp 14,165,42,31,27,22,28,6,2,4,19,13,23,0,0,0,0,0,-10,-13,0,0,12,13,4,0,0,0,49,17,16,0,35,41,57,61,56,24,33,33,37,35,31,44,68,0,0,0,47,70,75,52,99,16,29,0,78,0,62,0,0,0,27,0,0,0,0,0,0,0,19,17,27,38,29,15,16,12,32,27,31,14,14,16,14,15,15,0,0,0,0,0,0,0,56,84,93,77,164,165,220,220,220,220,220,220,214,213,304,212,213,212,212,207,174,175,175,116,592,551,514,506,1143,1141,1064,1046,1143,1092,1011,910,592,8,77,77,572,556,29949,11664,6902,6471,4602,588,2919,588,29976,29977,29976,29975,29975,29976,29981,29981,29986,29980]} 1. d4 d5 2. c4 c6 3. Nf3 Nf6 4. e3 Bf5 5. Nc3 e6 6. Nh4 Be4 7. f3 Bg6 {D12: Slav Defence: 3 Nf3 Nf6 4 e3 Bf5} 8. g3 {LiveBook: 73 Games} (8. Qb3 Qc7 9. Bd2 Be7 10. g3 Nbd7 11. cxd5 exd5 12. O-O-O a5 13. Nxg6 hxg6 14. Qc2 a4 15. e4 a3 16. e5 axb2+ {0-1 (59) Le,Q (2737)-Mamedov,R (2709) Huaian 2017}) 8... c5 9. cxd5 exd5 {The position is equal.} 10. Bb5+ Nc6 11. O-O $146 ({Find the theoretical novelty and annotate with similar games:} 11. Qe2 Be7 12. O-O O-O 13. Nxg6 hxg6 14. Rd1 Re8 15. Qf2 {0-1 (31) Garcia Romero,B (2239)-Vazquez Igarza,R (2578) Las Palmas 2017}) 11... Be7 12. Nxg6 hxg6 13. dxc5 Bxc5 14. Na4 Bd6 15. b3 O-O 16. Bb2 Re8 17. Rc1 Rxe3 18. Bxc6 bxc6 19. Rxc6 Qd7 20. Rc2 Rae8 21. Bd4 (21. Bxf6 $5 gxf6 22. Nc3 $14) 21... R3e7 22. Kg2 Bb4 23. Nc5 Bxc5 24. Bxc5 Re6 25. Bd4 a6 26. Qd3 Nh7 27. h4 Nf8 28. Rfc1 Qd8 29. Rd2 (29. Bf2 $14) 29... g5 $11 30. Rh1 gxh4 31. Rxh4 Ng6 32. Rh5 Qd6 33. Kf2 (33. Bf2 $16) 33... Re1 34. Kg2 Qc6 (34... R1e6 $11 {remains equal.}) 35. Rg5 ({White should try} 35. Bf2 $16 {Black must now prevent Rc2.} R8e5 36. Rxe5 Rxe5 37. f4) 35... R1e6 (35... Ne5 $11 36. Rxe5 R8xe5 37. Bxe5 Rxe5) 36. Bb2 ({White should play} 36. a4 $14) 36... d4 37. Qxd4 {[%csl Gb2][%cal Rd4g7]} Ne5 (37... f6 {NOTEXT} 38. Rxg6 Re2+ 39. Kh3 Qxf3 40. Qd5+ Qxd5 41. Rxd5 Kf7) 38. Qe4 (38. Qc3 {NOTEXT} f6 39. Qxc6 Nxc6 40. Rgd5 Nb4 41. Rd8) 38... Qxe4 39. fxe4 f6 40. Rh5 Nf7 41. Rh4 Ng5 42. e5 fxe5 43. Rg4 Nf7 $1 44. Re2 Rd8 45. Rc4 Rd5 46. Bc3 Rd3 47. Rf2 Nd6 48. Rc6 e4 49. Bb4 Rg6 50. Bxd6 (50. Kf1 {NOTEXT} a5 51. Bxd6 Rgxd6 52. Rxd6 Rxd6 53. Rf5) 50... Rgxd6 51. Rxd6 Rxd6 {[%mdl 4096] Endgame KR-KR} 52. Re2 Kf7 53. Kf2 Re6 (53... Rf6+ $11 54. Ke3 Rf3+ 55. Kxe4 Rxg3) 54. Ke3 $14 Kf6 55. Rf2+ $1 Ke5 (55... Kg5 $16 {keeps fighting.}) 56. Rf4 Rc6 (56... Rd6 $142) 57. Rxe4+ $18 Kd5 {intending ...Rc3+.} 58. Rd4+ Ke5 59. Rc4 Rg6 60. g4 Kd5 (60... Kd6 {was necessary.} 61. Kf4 Kd7 62. Rd4+ Kc6) 61. Kf3 Rf6+ 62. Rf4 Rc6 63. Ra4 Ke5 64. Ra5+ Kd4 {[#]} 65. Kf4 (65. Rg5 $1 $18) 65... Rf6+ $2 {[%mdl 8192] [#]} (65... Kc3 $16 {is tougher.} 66. Rg5 Rc7) 66. Rf5 $1 {[%cal Rf5f6]} Re6 67. Rf7 Re2 (67... g6 $142 68. Kg5 a5) 68. Rxg7 Rf2+ 69. Kg5 Rxa2 70. Kf5 Ra5+ 71. Kf6 Rb5 72. g5 $2 (72. Ra7 $18 Rb6+ 73. Kf5) 72... Rb6+ (72... Rxb3 $11 73. Rc7 Rf3+ 74. Ke6 a5) 73. Kf5 $16 Rb5+ $2 {[%mdl 8192]} (73... Rxb3 $16 74. g6 Rf3+ 75. Kg4 Rf1) 74. Kf4 $18 Kc3 75. g6 Rb6 76. Kg5 Rb5+ 77. Kh6 Rxb3 78. Ra7 (78. Rc7+ $142 Kd4 79. g7 Rh3+ 80. Kg6) 78... Rb1 79. Rxa6 {White mates.} Rh1+ 80. Kg5 Rg1+ 81. Kf6 Kd4 82. g7 Kd5 83. Kf7 {Precision: White = 55%, Black = 33%.} 1-0

[Event "3rd ESNAI-ch 2018"]
[Site "Klaksvik"]
[Date "2018.04.15"]
[Round "2"]
[White "Berg, Olaf"]
[Black "Belzo, Krzysztof"]
[Result "1-0"]
[WhiteElo "2235"]
[BlackElo "2103"]
[Annotator "TA"]
[PlyCount "59"]
[EventDate "2018.??.??"]
[EventType "tourn"]
[EventCountry "FAI"]
[SourceTitle "playchess.com"]
[Source "ChessBase"]
[SourceQuality "1"]

{[%evp 19,59,22,34,0,0,-10,0,0,0,-28,-8,-52,39,37,91,39,84,-22,0,-84,0,-40,-55,-30,50,0,0,0,0,0,16,12,27,25,29987,29988,29988,1025,1042,1019,29980,29976]} 1. e4 c5 2. Nc3 g6 3. f4 Bg7 4. Nf3 Nc6 5. Bc4 d6 6. O-O {[%cal Bh1f1,Bf1f3,Bf3h3][%mdl 32]} Nd4 7. Nxd4 cxd4 8. Ne2 e6 9. d3 Ne7 10. Qe1 O-O {LiveBook: 37 Games} 11. Rf3 {B23: Closed Sicilian: Lines without g3} (11. Bb3 a5 12. a4 d5 13. e5 Nc6 14. Kh1 b6 15. Bd2 f6 16. exf6 Bxf6 17. Ng1 Ra7 18. Nf3 Raf7 19. Qe2 {½-½ (42) Benjamin,J (2565)-Sandipan,C (2546) Philadelphia 2006}) 11... d5 12. Bb3 $1 a5 $146 {And now ...a4 would win.} ({Predecessor:} 12... dxe4 13. dxe4 Nc6 14. e5 Na5 15. Rd3 Nxb3 16. axb3 f6 17. Nxd4 fxe5 18. fxe5 Qc7 {0-1 (42) Stotyn,F (2059)-Kiese,M (2263) Germany 2007}) 13. a4 {The position is equal.} Bd7 14. Rh3 dxe4 15. Qh4 {[%csl Gh3][%cal Rh4h7]} h6 (15... h5 $15 16. dxe4 Re8) 16. dxe4 $14 Nc6 {[#]} (16... Rc8 $14) 17. Qg3 (17. Qf2 $1 $16) 17... Nb4 18. Bd2 ({White should play} 18. e5 $16) 18... b5 (18... Qb6 $11 19. Qf2 e5) 19. f5 $1 $17 g5 (19... bxa4 $17 20. Bxa4 Bxa4 21. Bxh6 (21. Rxa4 Nxc2 22. fxe6 d3 $17) 21... exf5 22. Rxa4 Bxh6 23. Rxh6 d3) 20. Rf1 exf5 21. exf5 {f6! is the strong threat.} Ra6 (21... Qf6 $1 $11 22. Bxb4 axb4) 22. c3 (22. Rh5 $5 {[%cal Rd2g5]}) 22... bxa4 23. Bc4 dxc3 $1 24. Bxc3 Rc6 {[#]} 25. f6 $1 {[%cal Rf6g7][%mdl 512]} Bxf6 26. Rxh6 $40 {[%mdl 128] Threatening mate with Qxg5+! White is up to no good.} Bd4+ $2 {[%mdl 8192]} (26... Bxc3 $11 27. Rxc6 Bxc6 28. Qxc3 Bd5) 27. Bxd4 {[%csl Gd4][%cal Rh6h8]} Rxh6 28. Rf6 (28. Qe5 $142 Rh7 29. Rf6 Be6 30. Bxe6 Rg7 31. Rh6 Qxd4+ 32. Nxd4 fxe6 33. Nxe6) 28... Kh7 $18 29. Qxg5 {[%csl Gg5][%cal Rf6h6]} Rxf6 30. Bxf6 {Precision: White = 30%, Black = 31%.} 1-0